Monthly statistics of the foriegn trade of India. Vol 1. Exports including re-exports.Vol.II. Imports,March 2015(CD) (Record no. 43183)

MARC details
000 -LEADER
fixed length control field 00443nam a2200109Ia 4500
082 ## - DEWEY DECIMAL CLASSIFICATION NUMBER
Classification number 031
Item number MON
245 #0 - TITLE STATEMENT
Title Monthly statistics of the foriegn trade of India. Vol 1. Exports including re-exports.Vol.II. Imports,March 2015(CD)
260 ## - PUBLICATION, DISTRIBUTION, ETC. (IMPRINT)
Place of publication Kolkata
Name of publisher Directorate General of Commercial Intelligence of Statistics
300 ## - PHYSICAL DESCRIPTION
Accompanying material CD Form Original CD transferred to Statistics Division
942 ## - ADDED ENTRY ELEMENTS (KOHA)
Koha item type Books
Holdings
Withdrawn status Lost status Damaged status Not for loan Home library Current library Date acquired Full call number Accession Number Koha item type
        RRII Library RRII Library 16/12/2021 031 MON 23449 Books